000 00682nam a22002177a 4500
999 _c9159
_d9159
003 AR-CdUCM
008 190327b ||||| |||| 00| 0 spa d
040 _aMUNICIPALIDAD PROVINCIAL DEL CUSCO
_cBIBLIOTECA MUNICIPAL DEL CUSCO
082 _a858.9 /
_bB91
100 _aBalducci Vitali, Paolo
_925203
245 _aFragmentos de una cosa /
260 _aLima :
_bEdit. Gráfica Pacific Press,
_c1971.
300 _a111 páginas ;
_c25 cm.
500 _aCon dedicatoria a Luis Nieto -- Donación de la familia Nieto
505 _aContenido : Poesía
650 _aLiteratura
_983
650 _aPoesía
_9444
650 _aCritica
_9666
942 _2ddc
_cLIBROS
945 _admma